| 000 | 00640nam a2200241Ia 4500 | ||
|---|---|---|---|
| 003 | OSt | ||
| 005 | 20221005092825.0 | ||
| 006 | a|||||r|||| 00| 0 | ||
| 007 | ta | ||
| 008 | 221004b |||||||| |||| 00| 0 eng d | ||
| 024 | _a31591 | ||
| 037 | _cTextual | ||
| 040 |
_aCRL _cCRL _beng |
||
| 041 |
_2eng _aeng |
||
| 082 | _aX9WC:87, K5 | ||
| 100 | _aRubner Alex | ||
| 245 | 0 |
_aEnsnared shareholder _b Directors and the modern corporation |
|
| 260 |
_aNew York _bSt Martin's Press _c1965 |
||
| 300 |
_a210p. _ccm. |
||
| 650 | _aECONOMICS | ||
| 942 |
_hX9WC:87, K5 _cTEXL _2cc |
||
| 999 |
_c999417 _d999417 |
||